| 000 | 01474cam a22004093a 4500 | ||
|---|---|---|---|
| 001 | 12750464 | ||
| 003 | OSt | ||
| 005 | 20140310182252.0 | ||
| 008 | 910211t19891978nyu 000 0 eng d | ||
| 010 | _a 2002580748 | ||
| 020 | _a9780345335463 | ||
| 035 | _a(OCoLC)ocm23086474 | ||
| 040 |
_aNOE _cNOE _dDVA _dOCL _dDLC |
||
| 042 | _alccopycat | ||
| 050 | 0 | 0 |
_aPS 3563.A255 _b.M478 1968 |
| 082 |
_aFIC _bM12d 1978 |
||
| 100 | 1 |
_aMcCaffrey, Anne. _920079 |
|
| 245 | 1 | 0 |
_aDragonflight / _cAnne McCaffrey. |
| 260 |
_aNew York : _bBallantine Books, _cc1968. |
||
| 300 |
_axii, 303 p. : map ; _c18 cm. |
||
| 490 | 1 |
_aThe dragonriders of Pern ; _vv. 1 |
|
| 500 | _a"A Del Rey book." | ||
| 541 | _j1 | ||
| 562 | _e1 | ||
| 650 | 1 | _aScience fiction. | |
| 650 | 1 |
_aDragons _xFiction. _920096 |
|
| 655 | 7 |
_aFantasy fiction. _2gsafd _93053 |
|
| 655 | 7 |
_aScience fiction. _2gsafd _91889 |
|
| 710 | 2 |
_aCopyright Paperback Collection (Library of Congress) _5DLC _9705 |
|
| 800 | 1 |
_aMcCaffrey, Anne. _tDragonriders of Pern ; _vv. 1. _920097 |
|
| 856 | 4 | 2 |
_3Contributor biographical information _uhttp://www.loc.gov/catdir/bios/random054/2002580748.html |
| 856 | 4 | 1 |
_3Sample text _uhttp://www.loc.gov/catdir/samples/random043/2002580748.html |
| 856 | 4 | 2 |
_3Publisher description _uhttp://www.loc.gov/catdir/description/random049/2002580748.html |
| 906 |
_a7 _bcbc _ccopycat _d2 _encip _f20 _gy-genrareb |
||
| 942 |
_2lcc _cBK-FIC |
||
| 999 |
_c11386 _d11386 |
||